000 01215nam a2200337 c 4500
001 4715
003 ES-MaCES
005 20141221121734.0
008 961029s1996 sz ||| | spa d
035 _aCES19980047517m
040 _aES-MaCES
_bspa
_cES-MaCES
100 1 _aBegg, Iain
_97378
245 1 0 _aPanorama de las tendencias claves en el mercado de seguros mundial
_b: documento preparado para las Conferencias Mundiales Banca y Seguros, Ginebra, 1 a 5 de julio de 1996
_cIain Begg and David Green
260 _a[S.l.]
_b[s.n.]
_c1996
300 _a21 h.
_c30 cm
500 _aEn la cub.: Conferencia Mundial de la FIET-Seguros, Ginebra, 4 y 5-7-1996
504 _aBibliografía: p. 18-19
541 _cGratuito
650 4 _aseguros
_928121
650 4 _asector económico
_930015
650 4 _aoferta y demanda
_927894
650 4 _amercado internacional
_927969
650 4 _amercado de trabajo
_928292
650 4 _arégimen jurídico
_929894
653 1 0 _aFinanciación
700 1 _aGreen, David
_914084
711 2 _aConferencia Mundial de la FIET-Seguros
_d1996
_cGinebra
_9174
902 _aDOC Literatura gris
942 _2CES
_cBK
_h0.0.
999 _c4715
_d4715